000 01371nam0a2200325 4500
001 RU\NLR\bibl\1400129
005 20260409074208.0
010 _a978-5-904231-05-7
_91000
021 _aRU
_b2009-44627
_92710
035 _a(NLR Aleph) 001392137
090 _a1168973
_c1168973
100 _a20090811d2009 |||y0rusy50 ca
101 0 _arus
102 _aRU
105 _aac |||||||||
200 1 _aПодготовка учащихся физико-математических классов к будущей профессиональной деятельности в области физики
_fР.В. Гурина
210 _aУльяновск
_cМДЦ
_d2009
215 _a394 с.
_cил., портр.
_d20
300 _aНа 3-й с. авт.: Гурина Р.В., д.п.н., доц.
320 _aБиблиогр.: с. 284-314 (521 назв.)
606 _aШкольники
_xПрофессиональная ориентация
_3RU\NLR\auth\661284899
_92129472
606 _aФизика
_xПреподавание
_xФизико-математические классы
_3RU\NLR\auth\661305191
_92169621
686 _aЧ421.202.5
686 _aЧ426.51
700 1 _aГурина
_bР. В.
_gРоза Викторовна
_4070
801 0 _aRU
_bNLR
_c20090811
_gRCR
801 1 _aRU
_bNLR
_c20090811
942 _cBOOK
980 _aNB